书目信息 |
| 题名: |
机器人学和人工智能中的行为树
|
|
| 作者: | 科莱丹基塞 , 奥格伦 著 ;周翊民 译 | |
| 分册: | ||
| 出版信息: | 北京 机械工业出版社 2020.04 |
|
| 页数: | 188页, [8] 页图版 | |
| 开本: | 26cm | |
| 丛书名: | 智能科学与技术丛书 | |
| 单 册: | ||
| 中图分类: | TP18 | |
| 科图分类: | ||
| 主题词: | 机器人--ji qi ren--程序设计 , 人工智能--ren gong zhi neng--程序设计 | |
| 电子资源: | ||
| ISBN: | 978-7-111-65204-5 | |
| 000 | 01408nam 2200301 450 | |
| 001 | 2072899051 | |
| 005 | 20201104201516.22 | |
| 010 | @a978-7-111-65204-5@dCNY79.00 | |
| 100 | @a20200522d2020 em y0chiy50 ea | |
| 101 | 1 | @achi@cswe |
| 102 | @aCN@b110000 | |
| 105 | @aaf a 000yy | |
| 200 | 1 | @a机器人学和人工智能中的行为树@Aji qi ren xue he ren gong zhi neng zhong de xing wei shu@f(瑞典) 米歇尔·科莱丹基塞, 彼得·奥格伦著@d= Behavior trees in robotics and AI: an introduction@fMichele Colledanchise, Petter Ogren@g周翊民译@zeng |
| 210 | @a北京@c机械工业出版社@d2020.04 | |
| 215 | @a188页, [8] 页图版@c图@d26cm | |
| 225 | 2 | @a智能科学与技术丛书@Azhi neng ke xue yu ji shu cong shu |
| 320 | @a有书目 (第183-188页) | |
| 330 | @a本书首先着重于行为树 (BehaviorTrees, BTS) 的语义和设计原则, 效率、安全性和稳健性分析, 以及学习和任务规划等的复杂的主题, 并提供实践例子, 从简单的插图到现实的复杂行为, 使读者能够成功地将理论与实践结合起来。 | |
| 410 | 0 | @12001 @a智能科学与技术丛书 |
| 510 | 1 | @aBehavior trees in robotics and AI: an introduction@zeng |
| 606 | 0 | @a机器人@Aji qi ren@x程序设计 |
| 606 | 0 | @a人工智能@Aren gong zhi neng@x程序设计 |
| 690 | @aTP18@v5 | |
| 701 | 1 | @a科莱丹基塞@Ake lai dan ji sai@g(Colledanchise, Michele)@4著 |
| 701 | 1 | @a奥格伦@Aao ge lun@g(Ogren, Petter)@4著 |
| 702 | 0 | @a周翊民@Azhou yi min@4译 |
| 801 | 0 | @aCN@b人天书店@c20201005 |
| 905 | @aZUCC@dTP18@eK500 | |
| 机器人学和人工智能中的行为树/(瑞典) 米歇尔·科莱丹基塞, 彼得·奥格伦著= Behavior trees in robotics and AI: an introduction/Michele Colledanchise, Petter Ogren/周翊民译.-北京:机械工业出版社,2020.04 |
| 188页, [8] 页图版:图;26cm.-(智能科学与技术丛书) |
| ISBN 978-7-111-65204-5:CNY79.00 |
| 本书首先着重于行为树 (BehaviorTrees, BTS) 的语义和设计原则, 效率、安全性和稳健性分析, 以及学习和任务规划等的复杂的主题, 并提供实践例子, 从简单的插图到现实的复杂行为, 使读者能够成功地将理论与实践结合起来。 |
| ● |
| 相关链接 |
|
|
|
正题名:机器人学和人工智能中的行为树
索取号:TP18/K500
 
预约/预借
| 序号 | 登录号 | 条形码 | 馆藏地/架位号 | 状态 | 备注 |
| 1 | 1478007 | 214780076 | 自科库301/301自科库 101排9列5层/ [索取号:TP18/K500] | 在馆 | |
| 2 | 1478008 | 214780085 | 自科库301/301自科库 101排9列5层/ [索取号:TP18/K500] | 在馆 |